000 00769nam a2200289Ia 4500
001 Z_1012
003 CHAP
008 220113s1987 xx 000 0 und d
010 _a164092
040 _cCHAP
082 _a633.2 W4
100 _aWheeler, J L
_9138167
245 _aTemperate pastures : their production, use and management /
_cby J.L. Wheeler, C.J. Pearson and G.E. Robards
260 _aCollingwood :
_bCSIRO,
_c1987
300 _a609 p
440 _a
500 _a
503 _a
650 _aPastizales
_xManejo I. Pearson, C.J. II. Robards, G.E. III. t.
_9138168
650 7 _aPastos forrajeros
_xRendimiento
_2
_986118
901 _a633.2 W4
902 _aA
910 _a1987
942 _c1
942 _cc1
999 _c164092
_d164092